Detalles MARC
| 000 -CABECERA |
| campo de control de longitud fija |
01694nam a2200349 i 4500 |
| 001 - NÚMERO DE CONTROL |
| campo de control |
000045363 |
| 003 - IDENTIFICADOR DEL NÚMERO DE CONTROL |
| campo de control |
DO-SdBNP |
| 005 - FECHA Y HORA DE LA ÚLTIMA TRANSACCIÓN |
| campo de control |
20250704111359.0 |
| 007 - CAMPO FIJO DE DESCRIPCIÓN FÍSICA--INFORMACIÓN GENERAL |
| campo de control de longitud fija |
ta |
| 008 - DATOS DE LONGITUD FIJA--INFORMACIÓN GENERAL |
| campo de control de longitud fija |
150305s2014 dr abo 000 0 spa d |
| 020 ## - NÚMERO INTERNACIONAL ESTÁNDAR DEL LIBRO |
| Número Internacional Estándar del Libro |
9789945166453 |
| 040 ## - FUENTE DE LA CATALOGACIÓN |
| Centro catalogador/agencia de origen |
DO-SdBNP |
| Lengua de catalogación |
spa |
| Centro/agencia transcriptor |
BNPHU |
| Normas de descripción |
rda |
| 082 ## - NÚMERO DE LA CLASIFICACIÓN DECIMAL DEWEY |
| Número de clasificación |
xxxx |
| Número de documento/Ítem |
M828 |
| Número de edición |
22 |
| 100 1# - ENTRADA PRINCIPAL--NOMBRE DE PERSONA |
| Nombre de persona |
Morales Troncoso, Carlos, |
| Fechas asociadas al nombre |
1940-2014. |
| 9 (RLIN) |
53404 |
| Término indicativo de función/relación |
autor |
| Código de función/relación |
aut. |
| 245 10 - MENCIÓN DE TÍTULO |
| Título |
Huellas : |
| Resto del título |
creando lazos de entendimiento / |
| Mención de responsabilidad, etc. |
Carlos Morales Troncoso ; coordinación Evelyn Estrella ; edición Tomás Castro Burdiez ; colaboradores Joaquín Ricardo, Aníbal de Castro, Rosángela Batlle. |
| 250 ## - MENCIÓN DE EDICIÓN |
| Mención de edición |
Primera edición |
| 264 #1 - PRODUCCIÓN, PUBLICACIÓN, DISTRIBUCIÓN, FABRICACIÓN Y COPYRIGHT |
| Producción, publicación, distribución, fabricación y copyright |
Santo Domingo : |
| Nombre del de productor, editor, distribuidor, fabricante |
Fundación Morales Alba, |
| Fecha de producción, publicación, distribución, fabricación o copyright |
2014. |
| 300 ## - DESCRIPCIÓN FÍSICA |
| Extensión |
158 páginas |
| Otras características físicas |
ilustraciones, mapas, fotografías ; |
| Dimensiones |
31 cm. |
| 336 ## - TIPO DE CONTENIDO |
| Término de tipo de contenido |
texto |
| Código de tipo de contenido |
txt |
| Fuente |
rdacontent |
| 337 ## - TIPO DE MEDIO |
| Nombre/término del tipo de medio |
sin mediación |
| Código del tipo de medio |
n |
| Fuente |
rdamedia |
| 338 ## - TIPO DE SOPORTE |
| Nombre/término del tipo de soporte |
volumen |
| Código del tipo de soporte |
nc |
| Fuente |
rdacarrier |
| 500 ## - NOTA GENERAL |
| Nota general |
Incluye datos biográficos del autor en las solapas. |
| 505 0# - NOTA DE CONTENIDO CON FORMATO |
| Nota de contenido con formato |
Formación para la profesionalización diplomática -- |
| Título |
Modernización, tecnología y transparencia -- |
| -- |
Seguridad y soberanía -- |
| -- |
Protección al medio ambiente y manejo de crisis -- |
| -- |
Servicios que procuran la excelencia -- |
| -- |
Desarrollo comercial -- |
| -- |
Relaciones multilaterales -- |
| -- |
Relaciones bilaterales -- |
| -- |
Reflexiones -- |
| 590 ## - NOTA LOCAL (RLIN) |
| Nota local |
Inventariado, 2025/ YL |
| 700 12 - PUNTO DE ACCESO ADICIONAL--NOMBRE DE PERSONA |
| Nombre de persona |
Estrella, Evelyn, |
| Término indicativo de función/relación |
coordinadora |
| 9 (RLIN) |
42978 |
| Código de función/relación |
coord. |
| 700 #2 - PUNTO DE ACCESO ADICIONAL--NOMBRE DE PERSONA |
| Nombre de persona |
Castro, Tomás, |
| Fechas asociadas al nombre |
1959- |
| Término indicativo de función/relación |
editor |
| 9 (RLIN) |
24641 |
| Código de función/relación |
ed. |
| 700 #2 - PUNTO DE ACCESO ADICIONAL--NOMBRE DE PERSONA |
| Nombre de persona |
Ricardo, Joaquín |
| Término indicativo de función/relación |
colaborador |
| Código de función/relación |
col. |
| 9 (RLIN) |
75051 |
| 700 #2 - PUNTO DE ACCESO ADICIONAL--NOMBRE DE PERSONA |
| Nombre de persona |
Castro, Aníbal de |
| Término indicativo de función/relación |
colaborador |
| Código de función/relación |
col. |
| 9 (RLIN) |
8559 |
| 700 #2 - PUNTO DE ACCESO ADICIONAL--NOMBRE DE PERSONA |
| Nombre de persona |
Batlle. Rosángela |
| Término indicativo de función/relación |
colaborador |
| Código de función/relación |
col. |
| 9 (RLIN) |
88261 |
| 910 ## - DATOS DE OPCIÓN DEL USUARIO (OCLC) |
| Datos de opción del usuario |
YLockward |
| 942 ## - ELEMENTOS DE PUNTO DE ACCESO ADICIONAL (KOHA) |
| Fuente del sistema de clasificación o colocación |
Dewey Decimal Classification |
| Tipo de ítem Koha |
Libro |